000
00456nam a2200133Ia 4500
008
100328s9999 xx 000 0 und d
082
_b
62111
100
_a
पाल प्रदिप-शब्दां.
245
_a
राजा हरिश्चन्द्र.
260
_b
इंडिया बुक.
630
_a
राजा हरिश्चन्द्र.
730
_a
राजा हरिश्चन्द्र.
942
_c
BOOK
999
_c
548140
_d
548137